Normal view
MARC view
- Brig. Azahar Mubrak
Entry Personal Name
001 - CONTROL NUMBER
- control field: 18290
003 - CONTROL NUMBER IDENTIFIER
- control field: NUST
005 - DATE AND TIME OF LATEST TRANSACTION
- control field: 20190722100300.0
008 - FIXED-LENGTH DATA ELEMENTS
- fixed length control field: 190722|| aca||aabn | a|a d
040 ## - CATALOGING SOURCE
- Original cataloging agency: NUST
- Transcribing agency: NUST
100 ## - HEADING--PERSONAL NAME
- Personal name: Brig. Azahar Mubrak
670 ## - SOURCE DATA FOUND
- Source citation: Work cat.: (NUST): Zubair, Alia 18288, THE RELATIONSHIP BETWEEN STEATOSIS AND OTHER HISTOLOGICAL FEATURES OF LIVER BIOPSY IN CHRONIC HEPATITIS INFECTION /
